Terceirizaȯ̂ total Entenda Ponto por Ponto - 2® ediȯ̂ Revista e atualizada /

Detalles Bibliográficos
Autor principal: Meton Marques de Lima, Francisco
Otros Autores: Rodrigues Marques De Lima, Francisco Přicles
Formato: eBook
Lenguaje:portugués
Publicado: San Pablo: LTR, 2019
Edición:2da. Edicin̤
Materias:
Acceso en línea:Acceso restringido

MARC

LEADER 00000nam a22000007a 4500
005 20220407212147.0
007 cr|||| ||||
008 220407s2019 br |||||s|||| 00||0 por d
020 |a 978-85-301-0030-8 
035 |a 36034 
040 |a vLex 
090 |c 13128  |d 13128 
100 1 |a Meton Marques de Lima, Francisco 
245 1 0 |a  Terceirizaȯ̂ total  |h [Recurso electrn̤ico] :  |b Entenda Ponto por Ponto - 2® ediȯ̂ Revista e atualizada /  |c Francisco Meton Marques de Lima, Francisco Přicles Rodrigues Marques De Lima 
250 |a 2da. Edicin̤ 
256 |a Servicio en ln̕ea 
260 |a San Pablo:  |b LTR,  |c 2019 
300 |a 1 recurso electrn̤ico 
500 |a Um fenomenal foco de litigiosidade se alevanta no cenr̀io jurd̕ico: a terceirizaȯ̂ ilimitada, que veio triturando salr̀ios, sad︢e, seguranȧ e dignidade humana. Na perspectiva de se tornarem mais competitivas e lucrativas, as organizaė̳s transferem a produȯ̂ de bens ou a realizaȯ̂ de serviȯs para empresas com expertise e se focalizam em suas atividades mais centrais. A Lei n. 13.429/17 ingressou na de n. 6.901/74 para reger a terceirizaȯ̂, e j ̀foi alterada pela Lei n. 13.467/17, liberando para todas as atividades, mantendo, contudo, a independn̊cia da Lei n. 7.201/83, da vigilńcia e do transporte de valores. No ḿbito da Administraȯ̂ Pb︢lica Federal, direta e indireta, foi editado o Decreto n. 9.507/18, vigente a partir de 20/01/19, liberando quase tudo, regulamentado pela IN n. 5/17 do Ministřio do Planejamento. Quais os limites da terceirizaȯ̂, os direitos dos trabalhadores e as responsabilidades das empresas, dos respectivos sc̤ios e do Poder Pb︢lico contratantes, bem como dos gestores pb︢licos ante a Lei de improbidade administrativa? 
506 1 |a Disponible solo en los productos indicados  |d vLex Global  |d vLex Global (Academic Edition, excluding Law Schools)  |d vLex Global (U.S. Academic Edition, Law Schools)  |d vLex Global (U.S. Academic Edition, excluding Law Schools)  |d vLex Global (Academic Edition, Law Schools) 
650 0 4 |a Derecho Laboral y Seguridad Social  |z Brasil 
700 1 |a Rodrigues Marques De Lima, Francisco Přicles 
740 0 |a vLex Libros (Servicio en ln̕ea) 
856 4 0 |u https://app.vlex.com/#/sources/36034  |z Acceso restringido 
942 |c BOOK 
999 0 |a Labor law and social security